LEADER 04980nam 22008295 450 001 9910483961603321 005 20251226200029.0 010 $a3-540-73859-2 024 7 $a10.1007/978-3-540-73859-6 035 $a(CKB)1000000000490289 035 $a(SSID)ssj0000316126 035 $a(PQKBManifestationID)11247775 035 $a(PQKBTitleCode)TC0000316126 035 $a(PQKBWorkID)10264169 035 $a(PQKB)11336642 035 $a(DE-He213)978-3-540-73859-6 035 $a(MiAaPQ)EBC3061789 035 $a(MiAaPQ)EBC6711186 035 $a(Au-PeEL)EBL6711186 035 $a(OCoLC)184924039 035 $a(PPN)123164028 035 $a(MiAaPQ)EBC337213 035 $a(BIP)32371508 035 $a(BIP)14226243 035 $a(EXLCZ)991000000000490289 100 $a20100301d2007 u| 0 101 0 $aeng 135 $aurnn|008mamaa 181 $ctxt 182 $cc 183 $acr 200 10$aAlgebra and Coalgebra in Computer Science $eSecond International Conference, CALCO 2007, Bergen, Norway, August 20-24, 2007, Proceedings /$fedited by Till Mossakowski, Ugo Montanari, Magne Haveraaen 205 $a1st ed. 2007. 210 1$aBerlin, Heidelberg :$cSpringer Berlin Heidelberg :$cImprint: Springer,$d2007. 215 $a1 online resource (XI, 463 p.) 225 1 $aTheoretical Computer Science and General Issues,$x2512-2029 ;$v4624 300 $aBibliographic Level Mode of Issuance: Monograph 311 08$a3-540-73857-6 320 $aIncludes bibliographical references and index. 327 $aInvited Talks -- Regular and Algebraic Words and Ordinals -- Logical Semantics of Types for Concurrency -- Deriving Bisimulation Congruences with Borrowed Contexts -- Symmetry and Concurrency -- Contributed Papers -- Ready to Preorder: Get Your BCCSP Axiomatization for Free! -- Impossibility Results for the Equational Theory of Timed CCS -- Conceptual Data Modeling with Constraints in Maude -- Datatypes in Memory -- Bisimilarity and Behaviour-Preserving Reconfigurations of Open Petri Nets -- Free Modal Algebras: A Coalgebraic Perspective -- Coalgebraic Epistemic Update Without Change of Model -- The Maude Formal Tool Environment -- Bifinite Chu Spaces -- Structured Co-spans: An Algebra of Interaction Protocols -- Graphical Encoding of a Spatial Logic for the ?-Calculus -- Higher Dimensional Trees, Algebraically -- A Semantic Characterization of Unbounded-Nondeterministic Abstract State Machines -- Parametric (Co)Iteration vs. Primitive Direcursion -- Bisimulation for Neighbourhood Structures -- Algebraic Models of Simultaneous Multithreaded and Multi-core Processors -- Quasitoposes, Quasiadhesive Categories and Artin Glueing -- Applications of Metric Coinduction -- The Goldblatt-Thomason Theorem for Coalgebras -- Specification-Based Testing for CoCasl?s Modal Specifications -- CIRC: A Circular Coinductive Prover -- Observing Distributed Computation. A Dynamic-Epistemic Approach -- Nabla Algebras and Chu Spaces -- An Institutional Version of Gödel?s Completeness Theorem -- Coalgebraic Foundations of Linear Systems -- Bootstrapping Types and Cotypes in HasCASL. 330 $aA double-pronged approach makes this book an extremely useful addition to the literature on this highly relevant contemporary topic. Addressing two basic areas of application for algebras and coalgebras - as mathematical objects as well as in the context of their application in computer science - the papers cover topics such as abstract models and logics, specialised models and calculi, algebraic and coalgebraic semantics, and system specification and verification. The book is the refereed proceedings of the second CALCO conference, held in August 2007 in Norway. 410 0$aTheoretical Computer Science and General Issues,$x2512-2029 ;$v4624 606 $aComputer science 606 $aMachine theory 606 $aSoftware engineering 606 $aComputer science$xMathematics 606 $aTheory of Computation 606 $aComputer Science Logic and Foundations of Programming 606 $aFormal Languages and Automata Theory 606 $aSoftware Engineering 606 $aSymbolic and Algebraic Manipulation 615 0$aComputer science. 615 0$aMachine theory. 615 0$aSoftware engineering. 615 0$aComputer science$xMathematics. 615 14$aTheory of Computation. 615 24$aComputer Science Logic and Foundations of Programming. 615 24$aFormal Languages and Automata Theory. 615 24$aSoftware Engineering. 615 24$aSymbolic and Algebraic Manipulation. 676 $a004.0151 702 $aMossakowski$b Till 702 $aMontanari$b U$g(Ugo), 702 $aHaveraaen$b Magne 712 12$aCALCO (Conference) 801 0$bMiAaPQ 801 1$bMiAaPQ 801 2$bMiAaPQ 906 $aBOOK 912 $a9910483961603321 996 $aAlgebra and Coalgebra in Computer Science$9772274 997 $aUNINA